banner koha

Recomendações técnicas para o cultivo e época de plantio de mamona cv. BRS 149 (nordestina)na micro região de Irecê, Bahia (Registro n. 294303)

MARC details
000 -LÍDER
campo de controle de tamanho fixo 01109nac a22003617a 4500
001 - NÚMERO DE CONTROLE
campo de controle BR0503641
003 - IDENTIFICADOR DO NÚMERO DE CONTROLE
campo de controle BR-BrBNA
005 - DATA E HORÁRIO DA ÚLTIMA TRANSAÇÃO
campo de controle 20240105123155.0
008 - CAMPO DE DADOS FIXOS--INFORMAÇÃO GERAL
campo de controle de tamanho fixo 230509b bl.|||m| |||| 00| 0 por d
040 ## - FONTE DA CATALOGAÇÃO
Instituição da catalogação original BR-BrBNA
Idioma da catalogação por
Instituição que transcreveu o registro Biblioteca Nacional de Agricultura
072 ## - CÓDIGO DE CATEGORIA DE ASSUNTO
Código de Categoria de Assunto F01
090 ## - NÚMERO DE CHAMADA LOCAL
Número de chamada 0331 BR0503641
100 1# - ENTRADA PRINCIPAL--NOME PESSOAL
Nome pessoal Silva, L.C.
100 1# - ENTRADA PRINCIPAL--NOME PESSOAL
Nome pessoal Amorim Neto, M. da S.
100 1# - ENTRADA PRINCIPAL--NOME PESSOAL
Nome pessoal Beltrão, N.E. de Macêdo
110 1# - ENTRADA PRINCIPAL--NOME CORPORATIVO
Nome corporativo ou nome da jurisdição EMBRAPA Algodão, Campina Grande, PB (Brasil)
9 (RLIN) 3546
245 1# - TÍTULO
Título Recomendações técnicas para o cultivo e época de plantio de mamona cv. BRS 149 (nordestina)na micro região de Irecê, Bahia
260 3# - PUBLICAÇÃO, DISTRIBUIÇÃO, ETC.
Local de publicação, distribuição, etc. Campina Grande, PB (Brasil):
Data da publicação, distribuição, etc. 2000.
300 ## - DESCRIÇÃO FÍSICA
Extensão 6 p.
490 ## - TÍTULO DA SÉRIE
Título da série Comunicado Técnico - EMBRAPA Algodão (Brazil)
Número do volume ou designação sequencial da série no. 112
ISSN - International Standard Serial Number
500 ## - NOTA GERAL
Nota geral 9 ref.
650 ## - ASSUNTO--TERMO TÓPICO
Cabeçalho tópico ou nome geográfico MAMONA
650 ## - ASSUNTO--TERMO TÓPICO
Cabeçalho tópico ou nome geográfico ÓLEO
650 ## - ASSUNTO--TERMO TÓPICO
Cabeçalho tópico ou nome geográfico SEMENTE
650 ## - ASSUNTO--TERMO TÓPICO
Cabeçalho tópico ou nome geográfico TORTA
650 ## - ASSUNTO--TERMO TÓPICO
Cabeçalho tópico ou nome geográfico ÉPOCA DE PLANTIO
650 ## - ASSUNTO--TERMO TÓPICO
Cabeçalho tópico ou nome geográfico ADUBAÇÃO
650 ## - ASSUNTO--TERMO TÓPICO
Cabeçalho tópico ou nome geográfico ESPAÇAMENTO
650 ## - ASSUNTO--TERMO TÓPICO
Cabeçalho tópico ou nome geográfico CONTROLE QUÍMICO
650 ## - ASSUNTO--TERMO TÓPICO
Cabeçalho tópico ou nome geográfico BAHIA
909 ## -
-- 202312
-- Lúcia Elande
-- 55
-- Lúcia Elande
942 ## - ELEMENTOS DE ENTRADA ADICIONADOS (KOHA)
Fonte da classificação ou esquema de arquivamento na estante Classificação AGRIS
Ocultar no OPAC Não
Tipo de material Koha Monografia Seriada
Exemplares
Situação do descarte Fonte da classificação ou esquema de arquivamento na estante Situação física Não pode ser emprestado Coleção Biblioteca de origem Biblioteca atual Localização na estante Total de empréstimos Número de telefone completo Código de barras Data de último acesso Tipo de material Koha Fonte de aquisição
  Classificação AGRIS       Biblioteca Nacional de Agricultura - Binagri Biblioteca Nacional de Agricultura - Binagri Agrobase - Acervo Geral   0331 BR0503641 0331 BR0503641 18/12/2023 Monografia Seriada Portaria Interministerial nº 164/94

BINAGRI

Telefone: (61)3218-2567/2388/3357/2097 - binagri@agro.gov.br

Ministério da Agricultura e Pecuária , Esplanada dos Ministérios, Bloco D, Anexo B, Brasília/DF, CEP: 70.043-900